00406nam a22001577a 4500003000400000005001700004008004100021020001500062040002900077050002200106100001800128245003300146250000800179260005100187300001000238OSt20260612144040.0260612b |||||||| |||| 00| 0 eng d a0872204529 cChuka University Library aQ 175 b.C43 1999 aChalmers A.F. aWhat Is This Called Science? a3rd aIndianapolisbHackett Publishing Companyc1999 a266.p